[Event "Macaubal Tsiloufas Memorial 2nd"]
[Site "Macaubal"]
[Date "2025.03.03"]
[Round "6"]
[White "Dos Santos, Rhyan Santana"]
[Black "Tsiloufas, Stergios Pericles"]
[Result "0-1"]
[WhiteElo "1800"]
[BlackElo "1639"]
[PlyCount "42"]
[EventDate "2025.03.01"]
[EventType "swiss"]
[EventRounds "6"]
[EventCountry "BRA"]
[SourceTitle "CB11_2025"]
[SourceDate "2025.03.12"]
[SourceVersion "1"]
[SourceVersionDate "2025.03.12"]
[SourceQuality "1"]

1. e4 c5 2. Nf3 Nc6 3. d4 cxd4 4. Nxd4 e5 5. Nb3 Nf6 6. Nc3 Bb4 7. Bd2 0-0 8. f3 d5 9. a3 Bxc3 10. Bxc3 dxe4 11. fxe4 Nxe4 12. Qf3 Nxc3 13. bxc3 Be6 14. Qe3 Re8 15. Rd1 Qf6 16. Rd2 Rad8 17. Qf3 Qe7 18. Bb5 Qxa3 19. 0-0 a6 20. Bxc6 bxc6 21. Nc5 Rxd2 0-1

[Event "Macaubal Tsiloufas Memorial 2nd"]
[Site "Macaubal"]
[Date "2025.03.02"]
[Round "4"]
[White "Tsiloufas, Elena Maria"]
[Black "Tsiloufas, Stergios Pericles"]
[Result "0-1"]
[WhiteElo "1649"]
[BlackElo "1639"]
[PlyCount "99"]
[EventDate "2025.03.01"]
[EventType "swiss"]
[EventRounds "6"]
[EventCountry "BRA"]
[SourceTitle "CB11_2025"]
[SourceDate "2025.03.12"]
[SourceVersion "1"]
[SourceVersionDate "2025.03.12"]
[SourceQuality "1"]

1. e4 c5 2. Nc3 Nc6 3. g3 Nf6 4. Bg2 e5 5. Nge2 d6 6. 0-0 Be6 7. d3 Be7 8. Be3 0-0 9. Qd2 d5 10. exd5 Nxd5 11. Rfe1 Nxe3 12. Qxe3 Qc7 13. Ne4 b6 14. N2c3 Nd4 15. Rac1 Rad8 16. a3 h6 17. Ne2 f5 18. N4c3 f4 19. gxf4 exf4 20. Qd2 f3 21. Nxd4 cxd4 22. Nb5 Qd7 23. Nxd4 Qxd4 24. Rxe6 Bg5 25. Re4 Bxd2 26. Rxd4 Rxd4 27. Rd1 Bg5 28. Bh1 Rdd8 29. Kf1 Rde8 30. Re1 Rxe1+ 31. Kxe1 Re8+ 32. Kd1 Re2 33. Bxf3 Rxf2 34. Be2 Rxh2 35. c4 a5 36. d4 Be3 37. d5 Bc5 38. Kd2 Kf7 39. Kd3 Kf6 40. Bf3 Rxb2 41. a4 Ke5 42. Be4 g5 43. Bh1 Ra2 44. Be4 Rxa4 45. Bh1 Ra3+ 46. Kd2 Kd4 47. Ke2 Kxc4 48. Bf3 Rxf3 49. Kxf3 Kxd5 50. Kg4 0-1

[Event "BRA-ch Amateurs U1700"]
[Site "Sao Paulo"]
[Date "2024.05.31"]
[Round "3"]
[White "Da Silva, Henrique Marques Ol"]
[Black "Tsiloufas, Stergios Pericles"]
[Result "0-1"]
[WhiteElo "1551"]
[BlackElo "1692"]
[PlyCount "94"]
[EventDate "2024.05.30"]
[EventType "swiss"]
[EventRounds "7"]
[EventCountry "BRA"]
[SourceTitle "CBM 220 Extra"]
[Source "ChessBase"]
[SourceDate "2024.07.31"]
[SourceVersion "1"]
[SourceVersionDate "2024.07.31"]
[SourceQuality "1"]

1. e4 c5 2. Nf3 e6 3. Nc3 a6 4. d4 cxd4 5. Nxd4 Qc7 6. Be3 Nf6 7. Be2 Bb4 8. Qd3 d5 9. exd5 Nxd5 10. Bd2 Nxc3 11. bxc3 Bd6 12. g3 b5 13. Bf3 Bb7 14. Bxb7 Qxb7 15. 0-0 0-0 16. Rab1 Qc7 17. Qf3 Nd7 18. Qg4 Ne5 19. Qe4 Rac8 20. f4 Nc4 21. Bc1 Bc5 22. Kh1 Bxd4 23. cxd4 Qc6 24. Qxc6 Rxc6 25. Ra1 Rfc8 26. a4 b4 27. Rb1 a5 28. f5 f6 29. fxe6 Rxe6 30. d5 Rd6 31. Rd1 Rcd8 32. Rd4 Nb6 33. Bf4 Rxd5 34. Rxd5 Rxd5 35. c3 Nxa4 36. cxb4 Rb5 37. Bd2 Nb6 38. Ra1 axb4 39. Be3 b3 40. Bxb6 Rxb6 41. Rb1 b2 42. Kg2 Kf7 43. Kf3 Ke6 44. Kf4 Kd5 45. Ke3 Kc4 46. Kd2 Kb3 47. Kd3 Ka2 0-1

[Event "BRA-ch Amateurs U1700"]
[Site "Sao Paulo"]
[Date "2024.05.30"]
[Round "1"]
[White "Baena, Mauricio"]
[Black "Tsiloufas, Stergios Pericles"]
[Result "0-1"]
[WhiteElo "1518"]
[BlackElo "1692"]
[PlyCount "76"]
[EventDate "2024.05.30"]
[EventType "swiss"]
[EventRounds "7"]
[EventCountry "BRA"]
[SourceTitle "CBM 220 Extra"]
[Source "ChessBase"]
[SourceDate "2024.07.31"]
[SourceVersion "1"]
[SourceVersionDate "2024.07.31"]
[SourceQuality "1"]

1. c4 g6 2. Nc3 Bg7 3. g3 c5 4. Bg2 Nc6 5. e4 e5 6. Nge2 Nge7 7. 0-0 0-0 8. d3 d6 9. a3 a5 10. Nd5 Bg4 11. h3 Bxe2 12. Qxe2 Nxd5 13. cxd5 Nd4 14. Qd1 f5 15. f4 exf4 16. Bxf4 Be5 17. Bxe5 dxe5 18. Rc1 Qd6 19. Rc4 b5 20. Rxd4 cxd4 21. Qd2 b4 22. Rc1 Rac8 23. Rxc8 Rxc8 24. exf5 gxf5 25. axb4 axb4 26. b3 Rc3 27. h4 Kg7 28. Qg5+ Qg6 29. Qe7+ Qf7 30. Qxe5+ Qf6 31. Qb8 Qe7 32. d6 Qd7 33. Qb7 Qxb7 34. Bxb7 Kf7 35. Bd5+ Ke8 36. Be6 Rxd3 37. Kf2 Re3 38. h5 Rxe6 0-1

[Event "Araraquara op 2nd"]
[Site "Araraquara"]
[Date "2024.02.12"]
[Round "6"]
[White "Janas, Alexandre Pedroso"]
[Black "Tsiloufas, Stergios Pericles"]
[Result "1-0"]
[WhiteElo "1800"]
[BlackElo "1485"]
[PlyCount "101"]
[EventDate "2024.02.10"]
[EventType "swiss"]
[EventRounds "7"]
[EventCountry "BRA"]
[SourceTitle "CBM 218 Extra"]
[Source "ChessBase"]
[SourceDate "2024.03.31"]
[SourceVersion "1"]
[SourceVersionDate "2024.03.31"]
[SourceQuality "1"]

1. d4 d5 2. c4 c6 3. cxd5 cxd5 4. Nc3 Nf6 5. Nf3 Nc6 6. e3 a6 7. Bd3 Bg4 8. 0-0 e6 9. a3 Bd6 10. Be2 0-0 11. Nd2 Bxe2 12. Qxe2 Qc7 13. f4 Ne7 14. Nf3 Nf5 15. Ne5 Be7 16. Bd2 Nd6 17. Be1 Nfe4 18. Rc1 Qd8 19. Rf3 Bf6 20. Rh3 g6 21. Qg4 Rc8 22. Nf3 Nf5 23. Ng5 Bxg5 24. fxg5 Qxg5 25. Qe2 Qe7 26. Rf3 Nfd6 27. Rf1 Nb5 28. a4 Nbxc3 29. Bxc3 Nxc3 30. bxc3 Rc4 31. e4 Qc7 32. exd5 exd5 33. Qc2 Rc8 34. Rf3 Qc6 35. a5 Ra4 36. Qd2 Rxa5 37. Qh6 Qd7 38. Rcf1 f5 39. g4 Qg7 40. Qe3 Ra3 41. Qe6+ Kh8 42. Qxc8+ Qg8 43. Qxb7 Qe8 44. Qxd5 Ra2 45. gxf5 Qe2 46. Qd8+ Kg7 47. f6+ Kh6 48. Rh3+ Kg5 49. Qd5+ Kg4 50. Rg3+ Kh4 51. Qg5# 1-0

[Event "Araraquara op 2nd"]
[Site "Araraquara"]
[Date "2024.02.11"]
[Round "3"]
[White "Tsiloufas, Stergios Pericles"]
[Black "Dalpian, Tagli Sanches Delbo"]
[Result "1/2-1/2"]
[WhiteElo "1485"]
[BlackElo "1746"]
[PlyCount "47"]
[EventDate "2024.02.10"]
[EventType "swiss"]
[EventRounds "7"]
[EventCountry "BRA"]
[SourceTitle "CBM 218 Extra"]
[Source "ChessBase"]
[SourceDate "2024.03.31"]
[SourceVersion "1"]
[SourceVersionDate "2024.03.31"]
[SourceQuality "1"]

1. e4 e5 2. Nf3 Nf6 3. d3 Bc5 4. Be2 Nc6 5. 0-0 d5 6. exd5 Nxd5 7. Re1 0-0 8. Nxe5 Bxf2+ 9. Kxf2 Nxe5 10. d4 Qh4+ 11. Kg1 Ng4 12. Bxg4 Bxg4 13. Qd2 Rfe8 14. g3 Qh3 15. Qf2 Rxe1+ 16. Qxe1 Bf3 17. Qf1 Bg2 18. Qxg2 Qg4 19. Qf2 Re8 20. Nc3 Nxc3 21. Be3 Ne4 22. Qf4 Qxf4 23. Bxf4 Nd6 24. Bxd6 1/2-1/2

[Event "Araraquara op"]
[Site "Araraquara"]
[Date "2023.02.20"]
[Round "3.32"]
[White "Moreira, Alexandre Augusto"]
[Black "Tsiloufas, Stergios Pericles"]
[Result "1-0"]
[WhiteElo "1801"]
[BlackElo "1800"]
[PlyCount "49"]
[EventDate "2023.02.19"]
[EventType "swiss"]
[EventRounds "6"]
[EventCountry "BRA"]
[SourceTitle "CBM 213 Extra"]
[Source "ChessBase"]
[SourceDate "2023.05.31"]
[SourceVersion "1"]
[SourceVersionDate "2023.05.31"]
[SourceQuality "1"]

1. e4 c5 2. Nf3 e6 3. d4 cxd4 4. Nxd4 a6 5. Be3 Nf6 6. Bd3 Qc7 7. Nb3 d5 8. N1d2 b5 9. Bg5 Nbd7 10. 0-0 Bd6 11. h3 0-0 12. exd5 Nxd5 13. Ne4 Bb7 14. Re1 Be7 15. Bxe7 Nxe7 16. a4 Qc6 17. Na5 Qd5 18. Nxb7 Qxb7 19. axb5 axb5 20. Qh5 Nf5 21. Nd6 Qc6 22. Rxa8 Rxa8 23. Qxf7+ Kh8 24. Nxf5 exf5 25. Re8+ 1-0

[Event "Araraquara op"]
[Site "Araraquara"]
[Date "2023.02.20"]
[Round "4.43"]
[White "Tsiloufas, Stergios Pericles"]
[Black "Vieira, Luana Saddi"]
[Result "0-1"]
[WhiteElo "1800"]
[BlackElo "1497"]
[PlyCount "38"]
[EventDate "2023.02.19"]
[EventType "swiss"]
[EventRounds "6"]
[EventCountry "BRA"]
[SourceTitle "CBM 213 Extra"]
[Source "ChessBase"]
[SourceDate "2023.05.31"]
[SourceVersion "1"]
[SourceVersionDate "2023.05.31"]
[SourceQuality "1"]

1. e4 e5 2. Nf3 Nc6 3. Bb5 Nf6 4. 0-0 a6 5. Ba4 Bc5 6. Re1 d6 7. c3 0-0 8. d4 Ba7 9. Bxc6 bxc6 10. dxe5 Ng4 11. Qe2 Bxf2+ 12. Kh1 Bxe1 13. Qxe1 Re8 14. exd6 cxd6 15. Bg5 Qb6 16. b3 Nf2+ 17. Kg1 Nd3+ 18. Be3 Nxe1 19. Bxb6 Nc2 0-1